[Event "Hastings Challengers 1990/91"]
[Site "Hastings"]
[Date "1990.12.30"]
[Round "3"]
[White "Serper, Grigory"]
[Black "Suba, Mihai"]
[Result "1-0"]
[WhiteElo "2485"]
[BlackElo "2520"]
[PlyCount "185"]
[EventDate "1990.12.28"]
[EventType "swiss"]
[EventRounds "10"]
[EventCountry "ENG"]
[SourceTitle "BritBase"]
[Source "John Saunders"]
[SourceDate "2024.07.22"]
[SourceVersion "1"]
[SourceVersionDate "2024.07.22"]
[SourceQuality "1"]

1. c4 Nf6 2. Nc3 c5 3. Nf3 e6 4. g3 b6 5. Bg2 Bb7 6. O-O a6 7. Re1 Qc7 8. e4 d6
9. d4 cxd4 10. Nxd4 Be7 11. b3 O-O 12. Bb2 Nbd7 13. Rc1 Rac8 14. Rc2 Rfe8 15.
f4 h6 16. h3 Bf8 17. Kh2 Qb8 18. Rd2 Nc5 19. e5 dxe5 20. fxe5 Nh7 21. Bxb7 Qxb7
22. Qf3 Qc7 23. Qf4 Red8 24. Red1 g6 25. Nf3 Bg7 26. Ne4 Rxd2+ 27. Rxd2 g5 28.
Qe3 Nxe4 29. Qxe4 Nf8 30. Ba3 Nd7 31. Bd6 Nc5 32. Bxc7 Nxe4 33. Rd8+ Rxd8 34.
Bxd8 b5 35. cxb5 axb5 36. a4 bxa4 37. bxa4 Nc5 38. a5 Bf8 39. Kg2 Na6 40. Nd4
Bc5 41. Bb6 Kf8 42. Bxc5+ Nxc5 43. Nb3 Na6 44. Kf3 Ke7 45. Ke4 Kd7 46. Kd4 Nb8
47. Kc5 Kc7 48. Nd2 Nd7+ 49. Kd4 Kc6 50. Ne4 Nb8 51. g4 Kc7 52. Nd6 Nc6+ 53.
Ke4 Nxa5 54. Nxf7 Kd7 55. Nxh6 Ke7 56. Ng8+ Kf7 57. Nf6 Nc6 58. Nh7 Kg6 59.
Nf8+ Kf7 60. Nd7 Nb4 61. Nc5 Nd5 62. Nd3 Nc3+ 63. Ke3 Nd5+ 64. Kd4 Ke7 65. Kc4
Ne3+ 66. Kc5 Nd5 67. Kc4 Ne3+ 68. Kd4 Ng2 69. Ke4 Kf7 70. Nc5 Nh4 71. Ke3 Ng2+
72. Kf3 Ne1+ 73. Kf2 Nc2 74. Ne4 Kg6 75. Nc5 Kf7 76. Nd3 Nd4 77. Ke3 Nb5 78.
Ne1 Nc3 79. Nf3 Kg6 80. Kd4 Nd5 81. Kc5 Nf4 82. Kd6 Nxh3 83. Kxe6 Nf2 84. Nh2
Nd3 85. Kd6 Kf7 86. e6+ Ke8 87. Nf3 Nf2 88. Nxg5 Kd8 89. Nh7 Ne4+ 90. Ke5 Nf2
91. Nf6 Ke7 92. Nd5+ Kf8 93. g5 {Source: StarBase 4.56} 1-0

[Event "Hastings Challengers 1990/91"]
[Site "Hastings"]
[Date "1990.12.30"]
[Round "3"]
[White "Timoscenko, Gennadij A"]
[Black "Jackson, Oliver A"]
[Result "1-0"]
[WhiteElo "2495"]
[BlackElo "2210"]
[PlyCount "61"]
[EventDate "1990.12.28"]
[EventType "swiss"]
[EventRounds "10"]
[EventCountry "ENG"]
[SourceTitle "BritBase"]
[Source "John Saunders"]
[SourceDate "2024.07.22"]
[SourceVersion "1"]
[SourceVersionDate "2024.07.22"]
[SourceQuality "1"]

1. d4 Nf6 2. c4 e5 3. dxe5 Ng4 4. Bf4 Bb4+ 5. Nc3 Nc6 6. Nf3 Qe7 7. Qd5 f6 8.
exf6 Nxf6 9. Qd3 Ne4 10. Bd2 Bxc3 11. Bxc3 Nb4 12. Bxb4 Qxb4+ 13. Nd2 Nxd2 14.
Qxd2 Qxc4 15. Rc1 Qe6 16. Rxc7 O-O 17. e3 d5 18. Be2 Qd6 19. Rc3 Qg6 20. Qxd5+
Kh8 21. Bd3 Be6 22. Qxb7 Qg5 23. h4 Qh5 24. O-O Qxh4 25. Qe4 Qh6 26. Rc6 Rae8
27. b4 Rf6 28. a4 Rd8 29. Bc4 Bf5 30. Qe7 Rdf8 31. Qxf8+ 1-0

[Event "Hastings Challengers 1990/91"]
[Site "Hastings"]
[Date "1990.12.31"]
[Round "4"]
[White "Panchenko, Alexander N"]
[Black "Sadler, Matthew D"]
[Result "1/2-1/2"]
[WhiteElo "2430"]
[BlackElo "2470"]
[PlyCount "82"]
[EventDate "1990.12.28"]
[EventType "swiss"]
[EventRounds "10"]
[EventCountry "ENG"]
[SourceTitle "BritBase"]
[Source "John Saunders"]
[SourceDate "2024.07.22"]
[SourceVersion "1"]
[SourceVersionDate "2024.07.22"]
[SourceQuality "1"]

1. Nf3 d5 2. d4 e6 3. c4 dxc4 4. e3 Nf6 5. Bxc4 a6 6. a4 c5 7. O-O Nc6 8. Qe2
cxd4 9. Rd1 Be7 10. exd4 O-O 11. Nc3 Nd5 12. Bd3 Ncb4 13. Bb1 b6 14. Qe4 g6 15.
Bh6 Re8 16. Ne5 Bb7 17. Qf3 f5 18. Qe2 Rc8 19. Ra3 Nxc3 20. Rxc3 Qd5 21. f3 Bf6
22. Bf4 a5 23. Kh1 Ba6 24. Qf2 Qb7 25. Qg3 Nd5 26. Rxc8 Rxc8 27. Bg5 Bg7 28. h4
b5 29. axb5 Qxb5 30. h5 Qa4 31. Qe1 Bxe5 32. dxe5 Qb3 33. Qd2 a4 34. Rc1 Rxc1+
35. Qxc1 Qc4 36. Qe1 Qb4 37. Qxb4 Nxb4 38. hxg6 hxg6 39. Bd2 Nd3 40. Bc3 Kf7
41. Bc2 Bb5 1/2-1/2

[Event "Hastings Challengers 1990/91"]
[Site "Hastings"]
[Date "1990.12.31"]
[Round "4"]
[White "Serper, Grigory"]
[Black "Mestel, A Jonathan"]
[Result "1-0"]
[WhiteElo "2485"]
[BlackElo "2505"]
[PlyCount "65"]
[EventDate "1990.12.28"]
[EventType "swiss"]
[EventRounds "10"]
[EventCountry "ENG"]
[SourceTitle "BritBase"]
[Source "John Saunders"]
[SourceDate "2024.07.22"]
[SourceVersion "1"]
[SourceVersionDate "2024.07.22"]
[SourceQuality "1"]

1. c4 g6 2. e4 Bg7 3. d4 d6 4. Nc3 Nf6 5. Nge2 O-O 6. Ng3 c6 7. Be2 e5 8. d5 a5
9. h4 h5 10. Bg5 Qb6 11. Qd2 Nbd7 12. Be3 Qc7 13. O-O-O cxd5 14. Nxd5 Nxd5 15.
Qxd5 Ra6 16. Kb1 Rc6 17. Qd2 Nf6 18. Bh6 Be6 19. Bxg7 Kxg7 20. Nf5+ gxf5 21.
Qg5+ Kh7 22. exf5 Bxc4 23. Bxc4 Rxc4 24. Qxf6 Qd8 25. Qg5 Qxg5 26. hxg5 Rf4 27.
g4 Rxg4 28. Rxh5+ Kg7 29. Rdh1 Rg8 30. Rh7+ Kf8 31. g6 Rg7 32. f6 R7xg6 33.
Rh8+ 1-0

[Event "Hastings Challengers 1990/91"]
[Site "Hastings"]
[Date "1990.12.31"]
[Round "4"]
[White "Thompson, Ian D"]
[Black "Ward, S"]
[Result "1-0"]
[WhiteElo "2160"]
[BlackElo "1562"]
[PlyCount "49"]
[EventDate "1990.12.28"]
[EventType "swiss"]
[EventRounds "10"]
[EventCountry "ENG"]
[SourceTitle "BritBase"]
[Source "John Saunders"]
[SourceDate "2024.07.22"]
[SourceVersion "1"]
[SourceVersionDate "2024.07.22"]
[SourceQuality "1"]

1. c4 e6 2. Nc3 b6 3. e4 Bb7 4. Nf3 d5 5. cxd5 exd5 6. Nxd5 Bxd5 7. exd5 Qxd5
8. Be2 Ne7 9. O-O g6 10. Qc2 Qd6 11. Qc3 f6 12. Bc4 Nbc6 13. Re1 Bg7 14. Re6
Qd7 15. b3 b5 16. Ba3 bxc4 17. Rae1 Kd8 18. Qxc4 Re8 19. d4 Rb8 20. d5 Ne5 21.
Nxe5 fxe5 22. d6 Nf5 23. dxc7+ Qxc7 24. Rxe8+ Kd7 25. Qf7+ {Source: Ian
Thompson} 1-0

[Event "Hastings Challengers 1990/91"]
[Site "Hastings"]
[Date "1990.12.31"]
[Round "4"]
[White "Tseitlin, Mikhail S"]
[Black "Beake, Ben"]
[Result "1-0"]
[WhiteElo "2510"]
[BlackElo "2275"]
[PlyCount "113"]
[EventDate "1990.12.28"]
[EventType "swiss"]
[EventRounds "10"]
[EventCountry "ENG"]
[SourceTitle "BritBase"]
[Source "John Saunders"]
[SourceDate "2024.07.22"]
[SourceVersion "1"]
[SourceVersionDate "2024.07.22"]
[SourceQuality "1"]

1. e4 e6 2. d4 d5 3. Nd2 Nf6 4. e5 Nfd7 5. c3 c5 6. Bd3 Nc6 7. Ndf3 Qb6 8. Ne2
cxd4 9. cxd4 f6 10. exf6 Nxf6 11. O-O Bd6 12. Nc3 O-O 13. a3 Bd7 14. Be3 Be8
15. Ng5 Ne7 16. h3 Bc7 17. Qc2 Bg6 18. Rae1 Bxd3 19. Qxd3 h6 20. Nf3 Rae8 21.
Bd2 Nf5 22. Re2 Bb8 23. Rfe1 Nd6 24. Bxh6 Nde4 25. Bc1 Qb3 26. Ng5 Nxg5 27.
Bxg5 Ne4 28. h4 Bf4 29. Bxf4 Rxf4 30. g3 Nxc3 31. bxc3 Rf6 32. Rb1 Qxa3 33.
Rxb7 Rc8 34. Rc2 a5 35. Qe3 a4 36. Kg2 Qf8 37. Ra2 Ra8 38. f4 a3 39. Rb3 Rg6
40. Qe5 Rf6 41. Kh3 Kh7 42. Kg2 Qe7 43. Qe3 Kg8 44. Qc1 Qe8 45. Rbxa3 Rxa3 46.
Rxa3 Qg6 47. Ra8+ Rf8 48. Rxf8+ Kxf8 49. Qe3 Qc2+ 50. Kh3 Kf7 51. Qf3 g6 52. h5
gxh5 53. Qxh5+ Ke7 54. Qe5 Kf7 55. Kh4 Qxc3 56. f5 exf5 57. Qxf5+ 1-0

[Event "Hastings Challengers 1990/91"]
[Site "Hastings"]
[Date "1990.12.31"]
[Round "4"]
[White "Vladimirov, Yevgeniy"]
[Black "Luce, Sebastien"]
[Result "1-0"]
[WhiteElo "2575"]
[BlackElo "2415"]
[PlyCount "87"]
[EventDate "1990.12.28"]
[EventType "swiss"]
[EventRounds "10"]
[EventCountry "ENG"]
[SourceTitle "BritBase"]
[Source "John Saunders"]
[SourceDate "2024.07.22"]
[SourceVersion "1"]
[SourceVersionDate "2024.07.22"]
[SourceQuality "1"]

1. d4 Nf6 2. c4 d6 3. Nf3 Bg4 4. e3 Nbd7 5. Be2 e5 6. Nc3 Be7 7. h3 Bh5 8. b3
c6 9. Bb2 e4 10. Nd2 Bxe2 11. Qxe2 Qa5 12. a3 Qf5 13. g4 Qg6 14. O-O-O Nb6 15.
Rhg1 d5 16. cxd5 Nbxd5 17. Nxd5 Nxd5 18. g5 Qf5 19. Rg4 O-O-O 20. Nxe4 h5 21.
gxh6 g6 22. Nc5 Qh5 23. Qf3 f5 24. Rg3 Qxf3 25. Rxf3 Rxh6 26. Rg3 f4 27. exf4
Nxf4 28. Rf3 Rf8 29. Kc2 Rxh3 30. Re3 Rf7 31. Nd3 Rh4 32. Ne5 Rfh7 33. Rg1 Rh2
34. Ng4 Rg2 35. Rxg2 Nxg2 36. Re4 Nh4 37. d5 cxd5 38. Re5 Nf5 39. Rxd5 Rh5 40.
Re5 Kd7 41. Re4 Nd6 42. Ne5+ Kd8 43. Re2 g5 44. Ng6 1-0

[Event "Hastings Challengers 1990/91"]
[Site "Hastings"]
[Date "1991.01.01"]
[Round "5"]
[White "Lewis, Alex"]
[Black "Thompson, Ian D"]
[Result "0-1"]
[WhiteElo "1855"]
[BlackElo "2160"]
[PlyCount "62"]
[EventDate "1990.12.28"]
[EventType "swiss"]
[EventRounds "10"]
[EventCountry "ENG"]
[SourceTitle "BritBase"]
[Source "John Saunders"]
[SourceDate "2024.07.22"]
[SourceVersion "1"]
[SourceVersionDate "2024.07.22"]
[SourceQuality "1"]

1. e4 e6 2. d3 d5 3. Nd2 Nf6 4. Ngf3 b6 5. g3 Bb7 6. e5 Nfd7 7. Bg2 c5 8. O-O
Nc6 9. Re1 Qc7 10. Qe2 Be7 11. c4 dxc4 12. dxc4 g5 13. h3 O-O-O 14. g4 h5 15.
a3 hxg4 16. hxg4 f5 17. Nb3 Rdg8 18. gxf5 g4 19. Nh2 Ndxe5 20. Bf4 Nf3+ 21.
Qxf3 gxf3 22. Bxc7 Rxg2+ 23. Kf1 Kxc7 24. Nxf3 Rg4 25. Rxe6 Rh1+ 26. Ke2 Rxa1
27. Nxa1 Rf4 28. Nc2 Rxf3 29. Kxf3 Nd4+ 30. Kg4 Nxe6 31. fxe6 Kd6 {Source: Ian
Thompson} 0-1

[Event "Hastings Challengers 1990/91"]
[Site "Hastings"]
[Date "1991.01.01"]
[Round "5"]
[White "Luce, Sebastien"]
[Black "Cullip, Stephen J"]
[Result "1/2-1/2"]
[WhiteElo "2415"]
[BlackElo "2270"]
[PlyCount "80"]
[EventDate "1990.12.28"]
[EventType "swiss"]
[EventRounds "10"]
[EventCountry "ENG"]
[SourceTitle "BritBase"]
[Source "John Saunders"]
[SourceDate "2024.07.22"]
[SourceVersion "1"]
[SourceVersionDate "2024.07.22"]
[SourceQuality "1"]

1. d4 Nf6 2. g3 d5 3. Bg2 Bf5 4. Nf3 e6 5. Nh4 Bg4 6. h3 Bh5 7. Nd2 c5 8. g4
Bg6 9. Nxg6 hxg6 10. Nb3 cxd4 11. Nxd4 Bc5 12. Nb3 Bb6 13. Qd3 Nc6 14. Be3 Rc8
15. c3 a6 16. Bf4 Kf8 17. Rd1 Kg8 18. Qg3 Qe8 19. Bd6 Na7 20. Nc1 Qb5 21. Rd2
Qa4 22. Qd3 Qc6 23. Bg3 Ne4 24. Rd1 Nxg3 25. Qxg3 Nb5 26. Nd3 Bc7 27. Qe3 Bd6
28. c4 Nc7 29. Rc1 Qd7 30. Qb6 Na8 31. Qb3 dxc4 32. Rxc4 Rxc4 33. Qxc4 Kh7 34.
Qb3 b5 35. O-O Nb6 36. Rc1 Nc4 37. Qc2 Rc8 38. Qd1 Bb8 39. b3 Ne5 40. Rxc8 Qxc8
1/2-1/2

[Event "Hastings Challengers 1990/91"]
[Site "Hastings"]
[Date "1991.01.01"]
[Round "5"]
[White "Sadler, Matthew D"]
[Black "Janovsky, Sergey"]
[Result "1/2-1/2"]
[WhiteElo "2470"]
[BlackElo "2410"]
[PlyCount "85"]
[EventDate "1990.12.28"]
[EventType "swiss"]
[EventRounds "10"]
[EventCountry "ENG"]
[SourceTitle "BritBase"]
[Source "John Saunders"]
[SourceDate "2024.07.22"]
[SourceVersion "1"]
[SourceVersionDate "2024.07.22"]
[SourceQuality "1"]

1. d4 d5 2. c4 c6 3. Nf3 Nf6 4. Nc3 dxc4 5. e3 b5 6. a4 b4 7. Nb1 a5 8. Bxc4 e6
9. O-O Nbd7 10. Nbd2 Be7 11. e4 O-O 12. Re1 Ba6 13. e5 Nd5 14. Bxa6 Rxa6 15.
Ne4 h6 16. Qd3 Ra7 17. Be3 Qb6 18. Nfd2 Nxe3 19. Rxe3 c5 20. Nc4 Qc6 21. Rd1
Rd8 22. b3 Nb6 23. Ncd6 Bxd6 24. Nxd6 Nc8 25. d5 exd5 26. Qxd5 Qxd5 27. Rxd5
Rc7 28. g3 Kf8 29. f4 Rc6 30. Red3 Nb6 31. Kf2 Nxd5 32. Rxd5 g6 33. Ke3 Ke7 34.
Kd3 Ke6 35. Kc4 f6 36. Rxc5 Rxc5+ 37. Kxc5 fxe5 38. fxe5 Rf8 39. Nc4 Ra8 40.
Kb5 Rb8+ 41. Kc5 Rc8+ 42. Kb5 Rb8+ 43. Kc5 1/2-1/2

[Event "Hastings Challengers 1990/91"]
[Site "Hastings"]
[Date "1991.01.01"]
[Round "5"]
[White "Timoscenko, Gennadij A"]
[Black "Howell, James C"]
[Result "1-0"]
[WhiteElo "2495"]
[BlackElo "2415"]
[PlyCount "73"]
[EventDate "1990.12.28"]
[EventType "swiss"]
[EventRounds "10"]
[EventCountry "ENG"]
[SourceTitle "BritBase"]
[Source "John Saunders"]
[SourceDate "2024.07.22"]
[SourceVersion "1"]
[SourceVersionDate "2024.07.22"]
[SourceQuality "1"]

1. d4 Nf6 2. c4 e6 3. Nc3 Bb4 4. Qc2 O-O 5. Nf3 d6 6. Bg5 Nbd7 7. e3 e5 8. Be2
Re8 9. a3 Bxc3+ 10. Qxc3 Qe7 11. Qc2 Nf8 12. O-O h6 13. Bh4 Ng6 14. Bg3 Nh5 15.
Rac1 Nxg3 16. hxg3 h5 17. c5 Bg4 18. cxd6 cxd6 19. dxe5 dxe5 20. Qe4 Rac8 21.
Bc4 Kf8 22. Nh2 Qd7 23. Nxg4 Qxg4 24. Qd5 Re7 25. Be2 Rxc1 26. Bxg4 Rxf1+ 27.
Kxf1 hxg4 28. Qd8+ Re8 29. Qd7 a6 30. Qxb7 Re6 31. b4 Ke8 32. Qe4 Ne7 33. Qxg4
g6 34. Qe4 Kd8 35. Qa8+ Nc8 36. Qb7 f5 37. Qf7 1-0

[Event "Hastings Challengers 1990/91"]
[Site "Hastings"]
[Date "1991.01.01"]
[Round "5"]
[White "Ulibin, Mikhail"]
[Black "Bradbury, Neil H"]
[Result "0-1"]
[WhiteElo "2460"]
[BlackElo "2370"]
[PlyCount "56"]
[EventDate "1990.12.28"]
[EventType "swiss"]
[EventRounds "10"]
[EventCountry "ENG"]
[SourceTitle "BritBase"]
[Source "John Saunders"]
[SourceDate "2024.07.22"]
[SourceVersion "1"]
[SourceVersionDate "2024.07.22"]
[SourceQuality "1"]

1. c4 c5 2. Nf3 Nf6 3. Nc3 Nc6 4. d4 cxd4 5. Nxd4 g6 6. g3 Bg7 7. Bg2 O-O 8.
O-O Ng4 9. e3 d6 10. b3 Nxd4 11. exd4 Nh6 12. Bb2 Nf5 13. d5 Bd7 14. Rb1 Qa5
15. Qd3 Rac8 16. a4 a6 17. Rfc1 b5 18. cxb5 axb5 19. Nxb5 Bxb2 20. Rxc8 Rxc8
21. Rxb2 Rc1+ 22. Bf1 Nd4 23. Kg2 Nxb5 24. Qe3 Rxf1 25. Kxf1 Bh3+ 26. Kg1 Nd4
27. f4 Qxd5 28. Kf2 Qg2+ 0-1

[Event "Hastings Challengers 1990/91"]
[Site "Hastings"]
[Date "1991.01.02"]
[Round "6"]
[White "Thompson, Ian D"]
[Black "Van Haastert, Paul"]
[Result "1-0"]
[WhiteElo "2160"]
[BlackElo "1800"]
[PlyCount "37"]
[EventDate "1990.12.28"]
[EventType "swiss"]
[EventRounds "10"]
[EventCountry "ENG"]
[SourceTitle "BritBase"]
[Source "John Saunders"]
[SourceDate "2024.07.22"]
[SourceVersion "1"]
[SourceVersionDate "2024.07.22"]
[SourceQuality "1"]

1. c4 e5 2. Nc3 Nf6 3. g3 d5 4. cxd5 Nxd5 5. Bg2 Ne7 6. Nf3 Nbc6 7. O-O g6 8.
b4 Bg7 9. Rb1 Nf5 10. b5 Ncd4 11. Ba3 h5 12. Nxd4 Nxd4 13. h3 Bf5 14. d3 Bc8
15. e3 Nf5 16. Qc2 Nd6 17. Nd5 O-O 18. Qxc7 Be6 19. Bxd6 {Source: Ian Thompson}
1-0

[Event "Hastings Challengers 1990/91"]
[Site "Hastings"]
[Date "1991.01.02"]
[Round "6"]
[White "Tseitlin, Mikhail S"]
[Black "Timoscenko, Gennadij A"]
[Result "1/2-1/2"]
[WhiteElo "2510"]
[BlackElo "2495"]
[PlyCount "69"]
[EventDate "1990.12.28"]
[EventType "swiss"]
[EventRounds "10"]
[EventCountry "ENG"]
[SourceTitle "BritBase"]
[Source "John Saunders"]
[SourceDate "2024.07.22"]
[SourceVersion "1"]
[SourceVersionDate "2024.07.22"]
[SourceQuality "1"]

1. e4 c5 2. Nf3 d6 3. d4 cxd4 4. Nxd4 Nf6 5. Nc3 a6 6. f4 e5 7. Nf3 Nbd7 8. a4
Be7 9. Bd3 O-O 10. O-O Nc5 11. Kh1 d5 12. fxe5 Nfxe4 13. Qe2 Bf5 14. Nd4 Bg6
15. Nf5 Nxc3 16. bxc3 Nxd3 17. cxd3 Bxf5 18. Rxf5 Qc8 19. e6 fxe6 20. Re5 Bf6
21. Rxe6 Bxc3 22. Rb1 Re8 23. Rxe8+ Qxe8 24. Qd1 Qe5 25. h3 Re8 26. Bd2 Bxd2
27. Qxd2 Re7 28. a5 d4 29. Qa2+ Kh8 30. Qc4 Rc7 31. Qxa6 h6 32. Qg6 Qxa5 33.
Qe8+ Kh7 34. Qe4+ Kh8 35. Qe8+ 1/2-1/2

[Event "Hastings Challengers 1990/91"]
[Site "Hastings"]
[Date "1991.01.03"]
[Round "7"]
[White "Bradbury, Neil H"]
[Black "Conquest, Stuart C"]
[Result "0-1"]
[WhiteElo "2370"]
[BlackElo "2460"]
[PlyCount "81"]
[EventDate "1990.12.28"]
[EventType "swiss"]
[EventRounds "10"]
[EventCountry "ENG"]
[SourceTitle "BritBase"]
[Source "John Saunders"]
[SourceDate "2024.07.22"]
[SourceVersion "1"]
[SourceVersionDate "2024.07.22"]
[SourceQuality "1"]

1. d4 Nf6 2. c4 e6 3. Nf3 d5 4. Nc3 Nbd7 5. Bg5 Bb4 6. e3 c5 7. cxd5 exd5 8.
Bd3 Qa5 9. Qc2 O-O 10. O-O c4 11. Bf5 Re8 12. Rac1 g6 13. Bxd7 Nxd7 14. Nd2 b5
15. e4 dxe4 16. Ndxe4 Bb7 17. f3 Bf8 18. a3 Qb6 19. Kh1 h6 20. Be3 f5 21. Nc5
Nxc5 22. dxc5 Qc6 23. Rfe1 Kh7 24. b4 Rad8 25. Bf2 a6 26. Rcd1 Rxe1+ 27. Bxe1
Qe6 28. h4 Bg7 29. h5 g5 30. Bf2 Rxd1+ 31. Nxd1 g4 32. Ne3 gxf3 33. Qxf5+ Qxf5
34. Nxf5 fxg2+ 35. Kg1 Bb2 36. Ne7 Be4 37. c6 Be5 38. Bb6 c3 39. c7 Bb7 40.
c8=Q Bxc8 41. Nxc8 0-1

[Event "Hastings Challengers 1990/91"]
[Site "Hastings"]
[Date "1991.01.03"]
[Round "7"]
[White "Dragomarezkij, Evgeni"]
[Black "Luce, Sebastien"]
[Result "1/2-1/2"]
[WhiteElo "2435"]
[BlackElo "2415"]
[PlyCount "123"]
[EventDate "1990.12.28"]
[EventType "swiss"]
[EventRounds "10"]
[EventCountry "ENG"]
[SourceTitle "BritBase"]
[Source "John Saunders"]
[SourceDate "2024.07.22"]
[SourceVersion "1"]
[SourceVersionDate "2024.07.22"]
[SourceQuality "1"]

1. d4 Nf6 2. c4 d6 3. Nc3 e5 4. Nf3 Nbd7 5. e4 Be7 6. Be2 c6 7. O-O O-O 8. Be3
Re8 9. d5 c5 10. Ne1 Bf8 11. Nd3 g6 12. a3 Bg7 13. b4 b6 14. Rb1 Ba6 15. bxc5
bxc5 16. Nb2 Nb6 17. Qc2 Bc8 18. Bg5 h6 19. Bh4 Bd7 20. Nbd1 a6 21. Ne3 Qc7 22.
Rb2 Reb8 23. Rfb1 Be8 24. Bd1 Kf8 25. Rb3 Nbd7 26. f3 Ng8 27. Be1 Bf6 28. Rxb8
Rxb8 29. Qa4 Rxb1 30. Nxb1 Nb8 31. Ba5 Qc8 32. Qb3 Bd8 33. Bd2 Qc7 34. Nc3 Qb6
35. Qa2 Qa7 36. Ne2 Bb6 37. Bb3 Qc7 38. Qc2 Ba5 39. Bc1 Nd7 40. Ba4 Nb6 41.
Bxe8 Kxe8 42. g3 Qd7 43. Kg2 Qa4 44. Qd3 Nd7 45. f4 Bd8 46. Ng1 Qa5 47. Nf3 Bf6
48. Ng4 Bg7 49. fxe5 h5 50. Nf6+ Ngxf6 51. exf6 Bxf6 52. Bf4 Qb6 53. Qe2 Qb8
54. Qc2 Ke7 55. Bc1 Qb6 56. Kf1 Ne5 57. Nxe5 Bxe5 58. Ke2 Kf6 59. Bf4 Bd4 60.
h3 Ke7 61. g4 hxg4 62. hxg4 {Source: StarBase 4.56} 1/2-1/2

[Event "Hastings Challengers 1990/91"]
[Site "Hastings"]
[Date "1991.01.03"]
[Round "7"]
[White "Emms, John M"]
[Black "Relange, Eloi"]
[Result "1-0"]
[WhiteElo "2430"]
[BlackElo "2280"]
[PlyCount "81"]
[EventDate "1990.12.28"]
[EventType "swiss"]
[EventRounds "10"]
[EventCountry "ENG"]
[SourceTitle "BritBase"]
[Source "John Saunders"]
[SourceDate "2024.07.22"]
[SourceVersion "1"]
[SourceVersionDate "2024.07.22"]
[SourceQuality "1"]

1. e4 e6 2. d4 d5 3. Nd2 c5 4. Ngf3 Nf6 5. e5 Nfd7 6. c4 Nb6 7. cxd5 Nxd5 8.
Bd3 Nc6 9. O-O cxd4 10. Nb3 Bd7 11. Nbxd4 Nxd4 12. Nxd4 Bc5 13. Nf3 h6 14. a3
a5 15. Qe2 Bc6 16. Bd2 Qb6 17. b4 Be7 18. bxa5 Qa7 19. Rac1 Bc5 20. Rc2 Rd8 21.
a6 O-O 22. axb7 Bxb7 23. Rb1 Rd7 24. Rb5 Rc8 25. h3 Ne7 26. Kh2 Qxa3 27. Rxb7
Rxb7 28. Qe4 Rd7 29. Qh7+ Kf8 30. Qh8+ Ng8 31. Bh7 Ke7 32. Qxg7 Rdd8 33. Ng5
Rf8 34. Bxg8 hxg5 35. Bxg5+ Kd7 36. Bxf7 Be7 37. Rd2+ Kc6 38. Bxe6 Bxg5 39.
Qxg5 Rc7 40. Rd6+ Kb5 41. Bd7+ 1-0

[Event "Hastings Challengers 1990/91"]
[Site "Hastings"]
[Date "1991.01.03"]
[Round "7"]
[White "Harari, Zaki"]
[Black "Martin, Andrew D"]
[Result "0-1"]
[WhiteElo "2270"]
[BlackElo "2415"]
[PlyCount "57"]
[EventDate "1990.12.28"]
[EventType "swiss"]
[EventRounds "10"]
[EventCountry "ENG"]
[SourceTitle "BritBase"]
[Source "John Saunders"]
[SourceDate "2024.07.22"]
[SourceVersion "1"]
[SourceVersionDate "2024.07.22"]
[SourceQuality "1"]

1. b3 e5 2. Bb2 Nc6 3. c4 Nf6 4. g3 d5 5. Bg2 d4 6. d3 Bb4+ 7. Nd2 a5 8. a3 Be7
9. Ngf3 O-O 10. Qc2 Re8 11. O-O Bf5 12. Nh4 Bg4 13. f3 Be6 14. Bh1 Nd7 15. Ng2
Ra6 16. f4 Bh3 17. Rf2 Nf6 18. f5 Qd7 19. Raf1 Bc5 20. Rf3 Ne7 21. b4 axb4 22.
g4 Bxg4 23. Nb3 Ba7 24. Rg3 Nxf5 25. axb4 Nxg3 26. hxg3 Nh5 27. b5 Rg6 28. c5
Nxg3 29. c6 0-1

[Event "Hastings Challengers 1990/91"]
[Site "Hastings"]
[Date "1991.01.03"]
[Round "7"]
[White "Hebden, Mark L"]
[Black "Tangborn, Eric"]
[Result "1-0"]
[WhiteElo "2520"]
[BlackElo "2355"]
[PlyCount "95"]
[EventDate "1990.12.28"]
[EventType "swiss"]
[EventRounds "10"]
[EventCountry "ENG"]
[SourceTitle "BritBase"]
[Source "John Saunders"]
[SourceDate "2024.07.22"]
[SourceVersion "1"]
[SourceVersionDate "2024.07.22"]
[SourceQuality "1"]

1. d4 Nf6 2. Nf3 e6 3. c4 b6 4. g3 Bb7 5. Bg2 Be7 6. Nc3 Ne4 7. Bd2 Bf6 8. O-O
O-O 9. Rc1 d5 10. cxd5 exd5 11. Be3 Nxc3 12. Rxc3 Nd7 13. Rc2 Re8 14. Ne1 Nf8
15. Nd3 Ne6 16. Nf4 Nxf4 17. Bxf4 c6 18. Qd3 Bg5 19. Bxg5 Qxg5 20. e4 dxe4 21.
Bxe4 Qh6 22. b4 a6 23. Rfc1 Rac8 24. a4 b5 25. axb5 axb5 26. Rc5 Red8 27. Qe3
Qd6 28. Rd1 g6 29. h4 Rc7 30. Bf3 Rcd7 31. h5 Qf6 32. Re5 gxh5 33. Bxh5 Rd5 34.
Bf3 Rxe5 35. dxe5 Rxd1+ 36. Bxd1 Qe7 37. Bf3 Bc8 38. Bxc6 Bf5 39. Qd4 Qg5 40.
Bxb5 Qc1+ 41. Kg2 Qb1 42. Bc6 Bd3 43. Kh2 Qd1 44. Qd8+ Kg7 45. Qf6+ Kg8 46. Bf3
Qd2 47. Qd8+ Kg7 48. Qd4 1-0

[Event "Hastings Challengers 1990/91"]
[Site "Hastings"]
[Date "1991.01.03"]
[Round "7"]
[White "Mestel, A Jonathan"]
[Black "Panzer, Peter"]
[Result "1-0"]
[WhiteElo "2505"]
[BlackElo "2280"]
[PlyCount "55"]
[EventDate "1990.12.28"]
[EventType "swiss"]
[EventRounds "10"]
[EventCountry "ENG"]
[SourceTitle "BritBase"]
[Source "John Saunders"]
[SourceDate "2024.07.22"]
[SourceVersion "1"]
[SourceVersionDate "2024.07.22"]
[SourceQuality "1"]

1. c4 g6 2. e4 Bg7 3. d4 d6 4. Nc3 Nf6 5. f3 c5 6. d5 O-O 7. Bg5 e6 8. Qd2 exd5
9. cxd5 Re8 10. Nge2 Nbd7 11. Ng3 a6 12. a4 Rb8 13. Be2 Ne5 14. O-O c4 15. Rab1
Qb6+ 16. Kh1 h5 17. f4 Neg4 18. f5 Nh7 19. Bxg4 hxg4 20. Be3 Qd8 21. Ba7 Ra8
22. Bd4 Bxd4 23. Qxd4 gxf5 24. exf5 Qh4 25. Rf4 Nf6 26. Nce4 Rxe4 27. Nxe4 Nh5
28. g3 1-0

[Event "Hastings Challengers 1990/91"]
[Site "Hastings"]
[Date "1991.01.03"]
[Round "7"]
[White "Naumann, Frank"]
[Black "Thompson, Ian D"]
[Result "1-0"]
[WhiteElo "2290"]
[BlackElo "2160"]
[PlyCount "65"]
[EventDate "1990.12.28"]
[EventType "swiss"]
[EventRounds "10"]
[EventCountry "ENG"]
[SourceTitle "BritBase"]
[Source "John Saunders"]
[SourceDate "2024.07.22"]
[SourceVersion "1"]
[SourceVersionDate "2024.07.22"]
[SourceQuality "1"]

1. d4 e6 2. c4 b6 3. Nf3 Nf6 4. a3 Bb7 5. Nc3 d5 6. cxd5 Nxd5 7. Qc2 Be7 8. e4
Nxc3 9. bxc3 O-O 10. Bd3 c5 11. O-O Qc7 12. Qe2 Nd7 13. Bb2 Rfd8 14. Rad1 Rac8
15. Bb1 Nf8 16. Ne5 Bd6 17. Ng4 h5 18. e5 Be7 19. Ne3 g6 20. f4 Nh7 21. Rd2 Bf8
22. Ba2 Qc6 23. d5 exd5 24. Bxd5 Qc7 25. c4 Bxd5 26. Nxd5 Qc6 27. f5 Re8 28. e6
gxf5 29. exf7+ Kxf7 30. Qxh5+ Kg8 31. Qxf5 Qe6 32. Qf3 Rc6 33. Qc3 {Source:
Ian Thompson} 1-0